000 00203 a2200097 4500
001 46759
100 _aBidwell S
245 _aModern warfare
260 _aLondon
_bAllen lane
_c
090 _c29853
_d29853
942 _aNUST-CAE
_cM
_c22061
999 _c281832
_d281832